Formule 1 : Les poles positions de Charles Leclerc - Statistiques

Statistiques générales
  • Ce quiz a été pris 415 fois
    208 depuis la dernière actualisation
  • Le résultat moyen est 20 sur 26
Statistiques - réponses
Pole n° Année de la pole Pays du circuit % Correct
8 2021 Monaco
94%
14 2022 Monaco
94%
24 2024 Monaco
94%
3 2019 Belgique
91%
20 2023 Belgique
91%
25 2024 Belgique
91%
4 2019 Italie
86%
17 2022 Italie
86%
16 2022 France
78%
23 2023 Etats-Unis (Las Vegas)
76%
1 2019 Bahreïn
74%
10 2022 Bahreïn
74%
9 2021 Azerbaïdjan
73%
15 2022 Azerbaïdjan
73%
19 2023 Azerbaïdjan
73%
26 2024 Azerbaïdjan
73%
12 2022 Etats-Unis (Miami)
73%
5 2019 Singapour
71%
18 2022 Singapour
71%
11 2022 Australie
70%
21 2023 Etats-Unis (Austin)
70%
13 2022 Espagne
64%
2 2019 Autriche
63%
7 2019 Mexique
62%
22 2023 Mexique
62%
6 2019 Russie
34%
Aucun quiz correspondant
Distribution des résultats
% des personnes avec chaque résultat
Percentile par nombre de réponses
Votre historique - résultats
Vous n’avez pas pris ce quiz depuis la dernière actualisation